000 00668nam a22002297a 4500
999 _c2132
_d2132
003 AR-CdUCM
008 190304b ||||| |||| 00| 0 spa d
020 _a84-02-06387-x
040 _aMUNICIPALIDAD PROVINCIAL DEL CUSCO
_cBIBLIOTECA MUNICIPAL DEL CUSCO
041 _hita
082 _a858.9 /
_bSC31
100 _aSciascia, Leonardo
_97695
245 _aCándido :
_bO un Sueño Siciliano /
260 _aEspaña :
_bBruguera ;
_c1979.
300 _a215 páginas
_c19cm
505 _aNovela
650 _aLiteratura Italiana
_9615
650 _aLiteratura siglo XX
_91173
700 _aAna Goldar (traducción)
_97696
942 _2ddc
_cLIBROS
945 _anom